Normal view
MARC view
- Bioinformatics.
Entry Topical Term
001 - CONTROL NUMBER
- control field: 13954
003 - CONTROL NUMBER IDENTIFIER
- control field: NUST
005 - DATE AND TIME OF LATEST TRANSACTION
- control field: 20190325105145.0
008 - FIXED-LENGTH DATA ELEMENTS
- fixed length control field: 190325|| aca||aabn | a|a d
040 ## - CATALOGING SOURCE
- Original cataloging agency: NUST
- Transcribing agency: NUST
150 ## - HEADING--TOPICAL TERM
- Topical term or geographic name entry element: Bioinformatics.
670 ## - SOURCE DATA FOUND
- Source citation: Work cat.: (NUST)0: Model, Mitchell L. 13953, Bioinformatics programming using Python /, c2010.
